<?xml version="1.0" encoding="UTF-8"?>
<collection xmlns:xsi="http://www.w3.org/2001/XMLSchema-instance" xsi:schemaLocation="http://www.loc.gov/MARC21/slim http://www.loc.gov/standards/marcxml/schema/MARC21slim.xsd" xmlns="http://www.loc.gov/MARC21/slim">
 <record>
  <leader>00000nam a2200000 i 4500</leader>
  <controlfield tag="001">UP-8027390931311800688</controlfield>
  <controlfield tag="003">Buklod</controlfield>
  <controlfield tag="005">20250407105434.0</controlfield>
  <controlfield tag="006">m    |o  d |      </controlfield>
  <controlfield tag="007">ta</controlfield>
  <controlfield tag="008">250407s2022    enk        u        eng d</controlfield>
  <datafield tag="020" ind1=" " ind2=" ">
   <subfield code="a">9781839102257 (eBook)</subfield>
  </datafield>
  <datafield tag="020" ind1=" " ind2=" ">
   <subfield code="a">9781839102264 (eBook)</subfield>
  </datafield>
  <datafield tag="020" ind1=" " ind2=" ">
   <subfield code="a">183910225X (eBook)</subfield>
  </datafield>
  <datafield tag="035" ind1=" " ind2=" ">
   <subfield code="a">22391830</subfield>
  </datafield>
  <datafield tag="040" ind1=" " ind2=" ">
   <subfield code="a">DLC</subfield>
   <subfield code="d">DLAW</subfield>
   <subfield code="e">rda</subfield>
  </datafield>
  <datafield tag="041" ind1="0" ind2=" ">
   <subfield code="a">eng</subfield>
  </datafield>
  <datafield tag="082" ind1="0" ind2="4">
   <subfield code="a">809.933554</subfield>
   <subfield code="2">23</subfield>
  </datafield>
  <datafield tag="084" ind1=" " ind2=" ">
   <subfield code="a">PN 56.L33</subfield>
   <subfield code="b">R47 2022eb</subfield>
  </datafield>
  <datafield tag="245" ind1="0" ind2="0">
   <subfield code="a">Research handbook on law and literature</subfield>
   <subfield code="c">edited by Peter Goodrich, Daniela Gandorfer, Cecilia Gebruers.</subfield>
   <subfield code="h">Electronic resources.</subfield>
  </datafield>
  <datafield tag="264" ind1=" " ind2="1">
   <subfield code="a">Cheltenham, UK</subfield>
   <subfield code="a">Northampton, MA, USA</subfield>
   <subfield code="b">Edward Elgar Publishing</subfield>
   <subfield code="c">[2022]</subfield>
  </datafield>
  <datafield tag="300" ind1=" " ind2=" ">
   <subfield code="a">1 online resource (xiv, 614 pages)</subfield>
   <subfield code="b">illustrations</subfield>
   <subfield code="c">26 cm.</subfield>
  </datafield>
  <datafield tag="336" ind1=" " ind2=" ">
   <subfield code="a">text</subfield>
   <subfield code="b">txt</subfield>
   <subfield code="2">rdacontent</subfield>
  </datafield>
  <datafield tag="337" ind1=" " ind2=" ">
   <subfield code="a">computer</subfield>
   <subfield code="2">rdamedia</subfield>
  </datafield>
  <datafield tag="338" ind1=" " ind2=" ">
   <subfield code="a">online resource</subfield>
   <subfield code="b">nc</subfield>
   <subfield code="2">rdacarrier</subfield>
  </datafield>
  <datafield tag="490" ind1="1" ind2=" ">
   <subfield code="a">Research handbooks in legal theory</subfield>
  </datafield>
  <datafield tag="504" ind1=" " ind2=" ">
   <subfield code="a">Includes bibliographical references and index.</subfield>
  </datafield>
  <datafield tag="505" ind1="0" ind2=" ">
   <subfield code="a">Visions and decisions -- Cutter islands -- Governance -- (Cis)tems of thought -- Tense frames -- Narrations -- Mattering-forth -- Jurisliterary histories -- Crossing sensibility -- A word on justice.</subfield>
  </datafield>
  <datafield tag="650" ind1=" " ind2="0">
   <subfield code="a">Droit et littérature.</subfield>
   <subfield code="a">Electronic book.</subfield>
  </datafield>
  <datafield tag="650" ind1=" " ind2="0">
   <subfield code="a">Law and literature.</subfield>
  </datafield>
  <datafield tag="650" ind1=" " ind2="0">
   <subfield code="a">Law and literature.</subfield>
   <subfield code="2">fast</subfield>
   <subfield code="0">(OCoLC)fst00993913</subfield>
  </datafield>
  <datafield tag="700" ind1="1" ind2=" ">
   <subfield code="e">editor.</subfield>
   <subfield code="g">Gandorfer, Daniela.</subfield>
  </datafield>
  <datafield tag="700" ind1="1" ind2=" ">
   <subfield code="e">editor.</subfield>
   <subfield code="g">Gebruers, Cecilia.</subfield>
  </datafield>
  <datafield tag="700" ind1="1" ind2=" ">
   <subfield code="d">1954-</subfield>
   <subfield code="e">editor.</subfield>
   <subfield code="g">Goodrich, Peter.</subfield>
  </datafield>
  <datafield tag="776" ind1="0" ind2="8">
   <subfield code="d">Cheltenham, UK ; Northampton, Massachusetts : Edward Elgar Publishing Limited, 2022</subfield>
   <subfield code="i">Online version</subfield>
   <subfield code="t">Research handbook on law and literature.</subfield>
   <subfield code="w">(OCoLC)1306167560</subfield>
   <subfield code="z">9781839102264.</subfield>
  </datafield>
  <datafield tag="830" ind1=" " ind2="0">
   <subfield code="a">Research handbooks in legal theory.</subfield>
  </datafield>
  <datafield tag="856" ind1="0" ind2="0">
   <subfield code="u">https://doi.org/10.4337/9781839102264</subfield>
   <subfield code="y">click here to access</subfield>
   <subfield code="z">Available to all UP Students</subfield>
   <subfield code="3">University of the Philippines, College of Law</subfield>
  </datafield>
  <datafield tag="905" ind1=" " ind2=" ">
   <subfield code="a">FO</subfield>
  </datafield>
  <datafield tag="852" ind1="0" ind2=" ">
   <subfield code="a">UPD</subfield>
   <subfield code="b">BGC-LL</subfield>
   <subfield code="h">PN 56.L33</subfield>
   <subfield code="i">R47 2022</subfield>
  </datafield>
  <datafield tag="942" ind1=" " ind2=" ">
   <subfield code="a">Electronic Resource</subfield>
  </datafield>
 </record>
</collection>
